|
|
|
|
| LEADER |
02705nam a2200565 a 4500 |
| 001 |
nkc20132536791 |
| 003 |
CZ PrNK |
| 005 |
20140303095046.0 |
| 007 |
ta |
| 008 |
140107s2013 xr e 100 0 eng |
| 015 |
|
|
|a cnb002536791
|
| 020 |
|
|
|a 978-80-7427-144-1
|q (brož.)
|
| 035 |
|
|
|a (OCoLC)870289534
|
| 040 |
|
|
|a ABA001
|b cze
|
| 041 |
0 |
|
|a eng
|a cze
|
| 072 |
|
7 |
|a 631
|x Zemědělství. Pedologie. Agrotechnika. Agroekologie
|2 Konspekt
|9 24
|
| 080 |
|
|
|a 631.421
|2 MRF
|
| 080 |
|
|
|a 631.147
|2 MRF
|
| 080 |
|
|
|a 631.416.4
|2 MRF
|
| 080 |
|
|
|a (062.534)
|2 MRF
|
| 080 |
|
|
|a (048.3)
|2 MRF
|
| 111 |
2 |
|
|a Dlouhodobé polní pokusy a jejich přínos pro environmentálně vyvážené zemědělství (seminář)
|d (2013 :
|c Praha, Česko)
|7 kn20140110009
|
| 245 |
1 |
0 |
|a Dlouhodobé polní pokusy a jejich přínos pro environmentálně vyvážené zemědělství :
|b sborník abstraktů mezinárodního semináře a workshopu Nevyvážená bilance draslíku: příčiny, důsledky a rizika : 11.12.2013, Praha /
|c [editoři sborníku Mikuláš Madaras (vedoucí editor), Iva Stehlíková, Daniela Teplá]
|
| 246 |
3 |
|
|a Unbalanced Potassium Plant Nutrition: Causes, Consequences and Threats
|
| 246 |
3 |
0 |
|a Nevyvážená bilance draslíku: příčiny, důsledky a rizika
|
| 246 |
1 |
4 |
|a Long-term Field Experiments and Their Contribution to Environmentally Balanced Agriculture :
|b abstract proceedings of the international colloquium and of the workshop Unbalanced Potassium Plant Nutrition: Causes, Consequences and Threats
|
| 250 |
|
|
|a Vyd. 1.
|
| 260 |
|
|
|a Praha :
|b Výzkumný ústav rostlinné výroby,
|c 2013
|
| 300 |
|
|
|a 62 s. :
|b barev. il. ;
|c 24 cm
|
| 500 |
|
|
|a 100 výt.
|
| 546 |
|
|
|a Převážně anglický a část. český text
|
| 650 |
0 |
7 |
|a polní pokusy
|7 ph265720
|2 czenas
|
| 650 |
0 |
7 |
|a ekologické zemědělství
|7 ph119814
|2 czenas
|
| 650 |
0 |
7 |
|a půdní draslík
|7 ph697572
|2 czenas
|
| 650 |
0 |
9 |
|a field trials
|2 eczenas
|
| 650 |
0 |
9 |
|a ecological agriculture
|2 eczenas
|
| 650 |
0 |
9 |
|a soil potassium
|2 eczenas
|
| 655 |
|
7 |
|a sborníky konferencí
|7 fd133333
|2 czenas
|
| 655 |
|
7 |
|a abstrakta
|7 fd131780
|2 czenas
|
| 655 |
|
9 |
|a proceedings of conferences
|2 eczenas
|
| 655 |
|
9 |
|a abstracts
|2 eczenas
|
| 700 |
1 |
|
|a Madaras, Mikuláš
|7 jo2012696258
|4 edt
|
| 700 |
1 |
|
|a Stehlíková, Iva
|7 jo2014802157
|4 edt
|
| 700 |
1 |
|
|a Teplá, Daniela
|7 jo2014802160
|4 edt
|
| 711 |
2 |
|
|a Nevyvážená bilance draslíku: příčiny, důsledky a rizika (seminář)
|d (2013 :
|c Praha, Česko)
|7 kn20140110010
|
| 910 |
2 |
|
|a BOA001
|b 2-1316.580
|
| 990 |
|
|
|a BK
|
| 995 |
|
|
|a 01
|
| 991 |
|
|
|b 201401
|c NOV
|e n
|
| 996 |
6 |
|
|b 2610576580
|c 2-1316.580
|l MZK
|r Sklad / do 1 hodiny
|n 1
|p p.v.
|w 001393853
|u 000010
|a 1
|e BOA001
|j MZK50
|s P
|